000 00802nam a2200217 a 4500
001 000016525
005 20200929164926.0
008 100308s1988 dr a 000 0 spa d
040 _aDO-SdBNP
_bspa
_cBNPHU
082 _axxx
_bG633m
100 1 _aGómez, J. Desiderio
_936763
245 1 0 _aMoluscos de agua dulce de la República Dominicana /
_cJ. Desiderio Gómez, Mercedes Vargas, Emile A. Malek.
260 _aSanto Domingo :
_bUASD,
_c1988.
300 _a135 p. :
_bil. ;
_c28 cm.
490 1 _aPublicaciones de la Universidad autónoma de Santo Domingo
_v535
490 1 _aAmbiente y sociedad
_v2
504 _aIncluye bibliografías [p. 133-135]
830 0 _aPublicaciones de la Universidad autónoma de Santo Domingo
_n535
_936764
830 0 _aAmbiente y sociedad
_n2
_936765
049 _aBNPD
999 _c16059
_d16059